00409nam a22001217a 4500999001900000003000400019082000800023245006300031260005200094546001200146942001300158952011600171 c192802d192802OSt aIIM aFellow programme in management: doctoral programme of iima aAhmedabadbIndian Institute of Managementc1992 aEnglish 2ddccREP 00102ddc40718REFaKAUCLVbKAUCLVcREPORTSd2019-09-04l0oIIMp207670r2019-09-04 00:00:00w2019-09-04yREP